000 00947nac a22002657a 4500
001 BR7310568
003 BR-BrBNA
005 20240105113617.0
008 230509b bl.|||m| |||| 00| 0 por d
040 _aBR-BrBNA
_bpor
_cBiblioteca Nacional de Agricultura
072 _aM00; M10
090 _a8100 BR7310568
100 1 _aGulland, J.A.
110 1 _aPrograma de Pesquisa e Desenvolvimento Pesqueiro do Brasil, Rio de Janeiro, GB
_97978
245 1 _aIntroducao as tecnicas de avaliacao de estoques e observacoes gerais sobre a administracao da pesca
260 3 _aRio de Janeiro, GB (Brasil):
_c1973.
300 _a19 p.
490 _aDocumentos Traduzidos - Programa de Pesquisa e Desenvolvimento Pesqueiro do Brasil (Brazil)
_vno. 1
_x
500 _a11 ref.; Summary (Pt)
650 _aPESCA
650 _aADMINISTRACAO PESQUEIRA
650 _aESTOQUE
909 _a202312
_bLúcia Elande
_c55
_dLúcia Elande
942 _2AGRIS
_n0
_cMS
999 _c264650
_d264650